01947nkc a2200277za 450000100060000000300040000600500170001000700070002700800410003404000240007524501680009924601220026726000350038930000990042450002950052350003570081850000880117554400760126360000360133961000510137565100180142665500350144471000280147985200120150785601500151984594OSt20260427095937.0kh boc250410s1909 sp ||||| ||||||0| i|spa d aM-RABAbspacM-RABA00aSta. Leocadia saliendo de su sepulcro y S. Ildefonso cortando un pedazo de un velo con el cuchillo que le dio Recesvintoh[Material gráfico]c/ Esteban de Agreda aSanta Leocadia saliendo de su sepulcro y San Isidoro cortando un trozo del velo con el cuchillo que le dio Recesvinto b[Hauser y Menet]c, [ca. 1909] a1 fotografíab: gelatina de plata c; imagen 19,5 x 11,5 cmc; soporte secundario 30 x 24 cm aFotografía del relieve "Santa Leocadia saliendo de su sepulcro y San Isidoro cortando un trozo del velo con el cuchillo que le dio Recesvinto" de Esteban Agreda, obteniendo el segundo premio de la Academia en Escultura, de primera clase en el año 1790. La obra original no se conserva.  aMontada sobre un soporte secundario de cartón, con texto manuscrito a lápiz en la parte inferior al recto: "Sta. Leocadia saliendo de su sepulcro y S. Ildefonso cortando un pedazo de un velo con el cuchillo que le dio Recesvinto. Premio 2º Esteban Agreda (B). Concurso de 1790-1ª clase". Nota manuscrita al verso a lápiz rojo: "1790-1ª clase". aFecha probable de la realización de la fotografía realizada por Hauser y Menet. aArchivo de la Real Academia de Bellas Artes de San Fernando (Le-4-29-1)10aAgreda, Esteban ded(1759-1842)24aReal Academia de Bellas Artes de San Fernando. 7aMadrid2embne 7aFotografías de obras de arte2 aHauser y Menet (Madrid) jFot-616 3Fot-616uhttps://archivoybiblioteca.realacademiabellasartessanfernando.com/cgi-bin/koha/opac-retrieve-file.pl?id=9d96afd209b7f4ffc7ffa094dc6f0134